Statistics for Formula One Races in 2019

Click here to take the quiz!

General Stats

  • This quiz has been taken 52 times
  • The average score is 20 of 21

Answer Stats

Event NumberGrand Prix% Correct
1Australia
98%
13Belgium
98%
20Brazil
98%
10Britain / United Kingdom
98%
7Canada
98%
8France
98%
14Italy
98%
17Japan
98%
19United States of America / USA
98%
3China
96%
11Germany
96%
18Mexico
96%
6Monaco
96%
9Austria
93%
5Spain
93%
21United Arab Emirates / UAE
93%
4Azerbaijan
91%
2Bahrain
91%
15Singapore
91%
16Russia
87%
12Hungary
84%

Score Distribution

Percentile by Number Answered

Percent of People with Each Score

Your Score History

You have not taken this quiz